01419nam a2200289 a 4500001001000000003000400010005001700014008004100031040002500072082002500097100003200122245011000154260006400264300002000328501005400348581005800402590002700460600004900487600006400536650003800600700006800638910002300706942001400729952018300743952018600926999001701112000032439OSt20201023123728.0110718s1942 dr r 000 0 spa d aDO-SdBNPbspacBNPHU74a782.42163bM316a2221 aMarchena, Enrique de95839910aDel areito de Anacaona al poema folklórico ;bBrindis de salas en Santo Domingo /cEnrique de Marchena. aCiudad Trujillo, República Dominicana :bMontalvo,c1942. a95 p. ;c22 cm. aPublicada con : Brindis de salas en Santo Domingo aDos obras publicadas juntas con paginación continua aInventariado, 2018/ YL14aANACAONA,d1504xCANCIONES Y MÚSICA95840014aBRINDIS DE SALAS, CLAUDIO JOSÉ DOMINGO,d1852-1911958401 4aMúsica popular dominicana925411 aMarchena, Enrique de,tBrindis de salas en Santo Domingo958402 aValidado, 2018/MFF 2ddccLBS1 00102ddc718RVaPDbPDcHDd2011-07-20iLF1l0oBNPHU PD-RV 782.42163 M316ap32439-20r2020-06-25te.2w2020-06-25y1zPerteneció a la biblioteca personal de Martínez Boog. 00102ddc718RVaPDbPDcHDd2011-07-18iLF1l0oBNPHU PD-RV 782.42163 M316ap32439-10r2020-06-25w2020-06-25y1zPerteneció a la biblioteca personal de Carlos Larrazabal Blanco c31930d31930